[Event "CZE-chT2B 2223"]
[Site "Czech Republic"]
[Date "2023.03.26"]
[Round "11.4"]
[White "Wasserbauer, Radek"]
[Black "Sargsyan, Karen"]
[Result "1/2-1/2"]
[WhiteElo "2138"]
[BlackElo "1858"]
[PlyCount "25"]
[EventDate "2022.10.16"]
[EventType "team-tourn"]
[EventRounds "11"]
[EventCountry "CZE"]
[SourceTitle "EXT 2024"]
[Source "ChessBase"]
[SourceDate "2023.10.10"]
[SourceVersion "1"]
[SourceVersionDate "2023.10.10"]
[SourceQuality "1"]
[WhiteTeam "Kolesovice"]
[BlackTeam "Aurora"]
[WhiteTeamCountry "CZE"]
[BlackTeamCountry "CZE"]

1. e4 c5 2. Nc3 e6 3. g3 d5 4. d3 dxe4 5. dxe4 Qxd1+ 6. Nxd1 Nc6 7. c3 Nf6 8. f3 Be7 9. Be3 0-0 10. Bb5 Bd7 11. Ne2 Ne5 12. Bxd7 Nfxd7 13. Kf2 1/2-1/2

[Event "Mid Bohemia Region-chT 2223"]
[Site "Czech Republic"]
[Date "2023.03.19"]
[Round "10.1"]
[White "Wasserbauer, Radek"]
[Black "Jacko, Vladimir1111"]
[Result "0-1"]
[WhiteElo "2133"]
[BlackElo "2387"]
[PlyCount "33"]
[EventDate "2022.10.09"]
[EventType "team-tourn"]
[EventRounds "11"]
[EventCountry "CZE"]
[SourceTitle "EXT 2024"]
[Source "ChessBase"]
[SourceDate "2023.10.10"]
[SourceVersion "1"]
[SourceVersionDate "2023.10.10"]
[SourceQuality "1"]
[WhiteTeam "Zdice"]
[BlackTeam "Kralupy nad Vltavou"]
[WhiteTeamCountry "CZE"]
[BlackTeamCountry "CZE"]

1. e4 c5 2. Nc3 g6 3. f4 Bg7 4. Nf3 Nc6 5. g3 Rb8 6. Bg2 b5 7. 0-0 d6 8. d3 b4 9. Ne2 Nf6 10. h3 0-0 11. g4 Qb6 12. Be3 Nd7 13. Qe1 Bxb2 14. Qh4 Bg7 15. f5 e6 16. Ng5 h6 17. Nf4 0-1

[Event "CZE-chT2B 2223"]
[Site "Czech Republic"]
[Date "2023.03.05"]
[Round "10.4"]
[White "Skypala, Ondrej"]
[Black "Wasserbauer, Radek"]
[Result "1/2-1/2"]
[WhiteElo "2149"]
[BlackElo "2138"]
[PlyCount "102"]
[EventDate "2022.10.16"]
[EventType "team-tourn"]
[EventRounds "11"]
[EventCountry "CZE"]
[SourceTitle "EXT 2024"]
[Source "ChessBase"]
[SourceDate "2023.10.10"]
[SourceVersion "1"]
[SourceVersionDate "2023.10.10"]
[SourceQuality "1"]
[WhiteTeam "Kobylisy"]
[BlackTeam "Kolesovice"]
[WhiteTeamCountry "CZE"]
[BlackTeamCountry "CZE"]

1. f4 d5 2. Nf3 Bg4 3. Ne5 Bf5 4. d3 Nf6 5. h3 h5 6. g3 Qd6 7. Nd2 Nbd7 8. Ndf3 Qb6 9. c3 e6 10. Qb3 Nxe5 11. Nxe5 Bc5 12. Qxb6 Bxb6 13. Bg2 Nd7 14. Nxd7 Kxd7 15. e4 dxe4 16. dxe4 Bg6 17. a4 c6 18. a5 Bc5 19. Ke2 f6 20. b4 Bd6 21. Be3 e5 22. f5 Bf7 23. Rad1 Bc4+ 24. Kf3 Ke7 25. Bf1 Bxf1 26. Rhxf1 Rhd8 27. Rf2 Bc7 28. Rxd8 Rxd8 29. a6 bxa6 30. Ra2 Rd3 31. c4 a5 32. Ke2 Rb3 33. bxa5 a6 34. Rd2 Bd6 35. Bb6 Rc3 36. c5 Bxc5 37. Rb2 Bd4 38. Bxd4 exd4 39. Rb7+ Kd6 40. Rxg7 Re3+ 41. Kd2 Rxe4 42. Rf7 Ke5 43. Rc7 Kxf5 44. Rxc6 Re6 45. Rb6 Ke5 46. Rb7 Ke4 47. Rb6 Kd5 48. Rb3 Rc6 49. Rf3 Ke4 50. Rf4+ Ke5 51. Rh4 f5 1/2-1/2

[Event "CZE-chT2B 2223"]
[Site "Czech Republic"]
[Date "2023.02.19"]
[Round "9.5"]
[White "Schmid, Michael2222"]
[Black "Wasserbauer, Radek"]
[Result "1/2-1/2"]
[WhiteElo "1719"]
[BlackElo "2138"]
[PlyCount "53"]
[EventDate "2022.10.16"]
[EventType "team-tourn"]
[EventRounds "11"]
[EventCountry "CZE"]
[SourceTitle "EXT 2024"]
[Source "ChessBase"]
[SourceDate "2023.10.10"]
[SourceVersion "1"]
[SourceVersionDate "2023.10.10"]
[SourceQuality "1"]
[WhiteTeam "Karlovy Vary"]
[BlackTeam "Kolesovice"]
[WhiteTeamCountry "CZE"]
[BlackTeamCountry "CZE"]

1. e4 d6 2. d4 e5 3. Nf3 Nf6 4. Nc3 Nbd7 5. Bc4 Be7 6. h3 0-0 7. Be3 b6 8. a4 c6 9. 0-0 Bb7 10. Qe2 a6 11. d5 Nxe4 12. dxc6 Nxc3 13. bxc3 Bxc6 14. Bxa6 Qc7 15. Nd2 Nc5 16. Bxc5 bxc5 17. Bb5 Bd5 18. c4 Be6 19. Ne4 Qa5 20. Qd3 f5 21. Nc3 e4 22. Qe3 Bf6 23. Ra3 Bd4 24. Qe1 Ra7 25. Nd5 Qd8 26. a5 Qb8 27. Qb1 1/2-1/2

[Event "CZE-chT2B 2223"]
[Site "Czech Republic"]
[Date "2023.01.22"]
[Round "7.4"]
[White "Novacek, Jan"]
[Black "Wasserbauer, Radek"]
[Result "1/2-1/2"]
[WhiteElo "1995"]
[BlackElo "2138"]
[PlyCount "30"]
[EventDate "2022.10.16"]
[EventType "team-tourn"]
[EventRounds "11"]
[EventCountry "CZE"]
[SourceTitle "EXT 2024"]
[Source "ChessBase"]
[SourceDate "2023.10.10"]
[SourceVersion "1"]
[SourceVersionDate "2023.10.10"]
[SourceQuality "1"]
[WhiteTeam "Litomerice II"]
[BlackTeam "Kolesovice"]
[WhiteTeamCountry "CZE"]
[BlackTeamCountry "CZE"]

1. d4 d6 2. e4 e5 3. dxe5 dxe5 4. Qxd8+ Kxd8 5. Nf3 Bd6 6. Bc4 Be6 7. Bxe6 fxe6 8. Nc3 Nf6 9. Bg5 Ke7 10. 0-0-0 a6 11. a3 Nc6 12. Bh4 h6 13. Bg3 g5 14. h3 Nh5 15. Bh2 Nf4 1/2-1/2

[Event "Mid Bohemia Region-chT 2223"]
[Site "Czech Republic"]
[Date "2022.11.13"]
[Round "3.2"]
[White "Horak, Martin"]
[Black "Wasserbauer, Radek"]
[Result "1-0"]
[WhiteElo "2139"]
[BlackElo "2133"]
[PlyCount "55"]
[EventDate "2022.10.09"]
[EventType "team-tourn"]
[EventRounds "11"]
[EventCountry "CZE"]
[SourceTitle "EXT 2024"]
[Source "ChessBase"]
[SourceDate "2023.10.10"]
[SourceVersion "1"]
[SourceVersionDate "2023.10.10"]
[SourceQuality "1"]
[WhiteTeam "Cesky Brod"]
[BlackTeam "Zdice"]
[WhiteTeamCountry "CZE"]
[BlackTeamCountry "CZE"]

1. e4 d6 2. d4 e5 3. Nf3 Nd7 4. Bc4 c6 5. Nc3 Be7 6. a3 Ngf6 7. Ba2 0-0 8. g4 Nxg4 9. Rg1 exd4 10. Nxd4 Nde5 11. Bf4 Bh4 12. Bg3 Qf6 13. Qe2 c5 14. Nd5 Qh6 15. Nb5 Bxg3 16. Rxg3 Nxh2 17. f4 Qh4 18. Qg2 Ng6 19. f5 Bxf5 20. exf5 Rae8+ 21. Kf2 Ne5 22. Kg1 Nef3+ 23. Rxf3 Nxf3+ 24. Qxf3 Re4 25. Ne3 Rfe8 26. Ng2 Qf6 27. Rd1 Qg5 28. Bxf7+ 1-0

[Event "CZE-chT2B 2223"]
[Site "Czech Republic"]
[Date "2022.11.06"]
[Round "2.5"]
[White "Lhotsky, Frantisek"]
[Black "Wasserbauer, Radek"]
[Result "1/2-1/2"]
[WhiteElo "1973"]
[BlackElo "2138"]
[PlyCount "78"]
[EventDate "2022.10.16"]
[EventType "team-tourn"]
[EventRounds "11"]
[EventCountry "CZE"]
[SourceTitle "EXT 2024"]
[Source "ChessBase"]
[SourceDate "2023.10.10"]
[SourceVersion "1"]
[SourceVersionDate "2023.10.10"]
[SourceQuality "1"]
[WhiteTeam "Kladno"]
[BlackTeam "Kolesovice"]
[WhiteTeamCountry "CZE"]
[BlackTeamCountry "CZE"]

1. Nf3 c5 2. c4 Nc6 3. d4 cxd4 4. Nxd4 Nf6 5. Nc3 g6 6. Nc2 Bg7 7. e4 d6 8. Be2 0-0 9. 0-0 b6 10. f3 Bb7 11. Be3 Qd7 12. Qd2 Rfd8 13. Rac1 Rac8 14. Rfe1 Ne8 15. Bf1 Nc7 16. b3 Ba8 17. Kh1 Bb7 18. h4 e6 19. Bg5 f6 20. Bf4 Ne8 21. Rcd1 Bf8 22. Ne3 Qg7 23. Ng4 Rd7 24. g3 Rcd8 25. Bh3 Qe7 26. Be3 Ne5 27. Nxe5 dxe5 28. Qc2 Kf7 29. Rxd7 Rxd7 30. Rd1 Bc6 31. Rxd7 Qxd7 32. Qd1 Qxd1+ 33. Nxd1 Bc5 34. Bxc5 bxc5 35. Nf2 Ke7 36. Kg1 Kd6 37. Kf1 Nc7 38. Ke2 a5 39. Kd3 Na6 1/2-1/2

[Event "Pardubice Czech op-E 31st"]
[Site "Pardubice"]
[Date "2020.09.18"]
[Round "3.2"]
[White "Wasserbauer, Radek"]
[Black "Vykouk, Jan"]
[Result "0-1"]
[WhiteElo "2174"]
[BlackElo "2421"]
[PlyCount "60"]
[EventDate "2020.09.17"]
[EventType "team-swiss"]
[EventRounds "7"]
[EventCountry "CZE"]
[SourceTitle "CBM 198 Extra"]
[Source "ChessBase"]
[SourceDate "2020.11.30"]
[SourceVersion "1"]
[SourceVersionDate "2020.11.30"]
[SourceQuality "1"]
[WhiteTeam "Kolesovice Cesky Lev"]
[BlackTeam "Turnov Zikuda"]
[WhiteTeamCountry "CZE"]
[BlackTeamCountry "CZE"]

1. e4 c5 2. Nc3 Nc6 3. Bb5 g6 4. Bxc6 bxc6 5. d3 Bg7 6. f4 d6 7. Nge2 Nh6 8. 0-0 f5 9. Rb1 0-0 10. Kh1 Rb8 11. Be3 Bd7 12. h3 Qa5 13. a3 Rb7 14. d4 fxe4 15. dxc5 Nf5 16. b4 Qa6 17. Qd2 Qxa3 18. Rb3 Qa6 19. Nxe4 Be6 20. Rbb1 Bc4 21. Rfe1 Bxe2 22. Rxe2 d5 23. g4 Nxe3 24. Qxe3 dxe4 25. Qxe4 Rxf4 26. Qe6+ Kh8 27. Rd2 Rb8 28. Qxe7 Qc4 29. Re1 Rbf8 30. Rd8 Qxb4 0-1

[Event "CZE-chT2B 1920"]
[Site "Czech Republic"]
[Date "2020.02.23"]
[Round "9.3"]
[White "Haman, Jakub"]
[Black "Wasserbauer, Radek"]
[Result "1-0"]
[WhiteElo "2220"]
[BlackElo "2192"]
[PlyCount "75"]
[EventDate "2019.10.13"]
[EventType "team-tourn"]
[EventRounds "11"]
[EventCountry "CZE"]
[SourceTitle "EXT 2024"]
[Source "ChessBase"]
[SourceDate "2023.10.10"]
[SourceVersion "1"]
[SourceVersionDate "2023.10.10"]
[SourceQuality "1"]
[WhiteTeam "Kladno"]
[BlackTeam "Kolesovice Cesky Lev"]
[WhiteTeamCountry "CZE"]
[BlackTeamCountry "CZE"]

1. d4 d6 2. e4 e5 3. Nf3 Nf6 4. Nc3 Nbd7 5. Bc4 Be7 6. 0-0 0-0 7. Re1 c6 8. a4 b6 9. h3 a6 10. b3 Rb8 11. d5 c5 12. Qd3 Ra8 13. Ne2 Ne8 14. g4 Nc7 15. Be3 Rb8 16. Qd2 Nf6 17. Ng3 Kh8 18. Bd3 g6 19. Bh6 Rg8 20. c3 Bf8 21. Bg5 Bg7 22. Ra2 Bd7 23. Nh2 Qf8 24. Rf1 Nfe8 25. Kh1 f6 26. Be3 Qe7 27. f4 exf4 28. Bxf4 a5 29. Qg2 Na6 30. Raf2 Nec7 31. h4 Rbf8 32. h5 g5 33. Bc1 h6 34. e5 dxe5 35. Qe4 f5 36. Nxf5 Bxf5 37. Rxf5 Ne8 38. Rf7 1-0

[Event "CZE-chT2B 1920"]
[Site "Czech Republic"]
[Date "2020.02.09"]
[Round "8.3"]
[White "Wasserbauer, Radek"]
[Black "Smid, Pavel"]
[Result "1-0"]
[WhiteElo "2192"]
[BlackElo "2010"]
[PlyCount "77"]
[EventDate "2019.10.13"]
[EventType "team-tourn"]
[EventRounds "11"]
[EventCountry "CZE"]
[SourceTitle "EXT 2024"]
[Source "ChessBase"]
[SourceDate "2023.10.10"]
[SourceVersion "1"]
[SourceVersionDate "2023.10.10"]
[SourceQuality "1"]
[WhiteTeam "Kolesovice Cesky Lev"]
[BlackTeam "Usti nad Labem"]
[WhiteTeamCountry "CZE"]
[BlackTeamCountry "CZE"]

1. e4 e5 2. Nf3 Nc6 3. Bc4 Bc5 4. b4 Bxb4 5. c3 Bf8 6. d4 g6 7. Qb3 Qe7 8. Ba3 d6 9. dxe5 Nh6 10. 0-0 Nxe5 11. Nxe5 Qxe5 12. Nd2 Bg7 13. Rac1 0-0 14. f4 Qh5 15. Rce1 Qa5 16. e5 Qb6+ 17. Kh1 Ng4 18. h3 Ne3 19. Rf3 Nf5 20. Ne4 Bd7 21. exd6 Bc6 22. dxc7 Qxb3 23. Bxb3 Rfe8 24. Bc2 Rac8 25. Kh2 Rxc7 26. g4 Ne7 27. Bb3 Bd5 28. Nd6 Rd8 29. Rfe3 Bxb3 30. axb3 Rxc3 31. Rxc3 Bxc3 32. Rxe7 b5 33. Nxb5 Bd2 34. Re4 Rd3 35. Rd4 Rxb3 36. Rxd2 Rxb5 37. Rd8+ Kg7 38. g5 h5 39. Be7 1-0

[Event "CZE-chT2B 1920"]
[Site "Czech Republic"]
[Date "2019.11.17"]
[Round "3.3"]
[White "Michalek, Jan"]
[Black "Wasserbauer, Radek"]
[Result "1-0"]
[WhiteElo "2252"]
[BlackElo "2192"]
[PlyCount "45"]
[EventDate "2019.10.13"]
[EventType "team-tourn"]
[EventRounds "11"]
[EventCountry "CZE"]
[SourceTitle "EXT 2024"]
[Source "ChessBase"]
[SourceDate "2023.10.10"]
[SourceVersion "1"]
[SourceVersionDate "2023.10.10"]
[SourceQuality "1"]
[WhiteTeam "Podborany"]
[BlackTeam "Kolesovice Cesky Lev"]
[WhiteTeamCountry "CZE"]
[BlackTeamCountry "CZE"]

1. Nf3 b5 2. e4 Bb7 3. Bxb5 Bxe4 4. 0-0 Nf6 5. d4 e6 6. Re1 Be7 7. Bg5 Bc6 8. Bd3 d6 9. c4 0-0 10. Nc3 h6 11. Bh4 Nbd7 12. d5 exd5 13. Nd4 Bb7 14. Nf5 Re8 15. cxd5 Bf8 16. Qf3 Rxe1+ 17. Rxe1 Ne5 18. Rxe5 dxe5 19. Nxh6+ gxh6 20. Bxf6 Be7 21. Qg3+ Kf8 22. Bg7+ Ke8 23. Bb5+ 1-0

[Event "CZE-chT2B 1920"]
[Site "Czech Republic"]
[Date "2019.10.13"]
[Round "1.3"]
[White "Fajman, Petr"]
[Black "Wasserbauer, Radek"]
[Result "1/2-1/2"]
[WhiteElo "2191"]
[BlackElo "2192"]
[PlyCount "81"]
[EventDate "2019.10.13"]
[EventType "team-tourn"]
[EventRounds "11"]
[EventCountry "CZE"]
[SourceTitle "EXT 2024"]
[Source "ChessBase"]
[SourceDate "2023.10.10"]
[SourceVersion "1"]
[SourceVersionDate "2023.10.10"]
[SourceQuality "1"]
[WhiteTeam "Praha Dukla"]
[BlackTeam "Kolesovice Cesky Lev"]
[WhiteTeamCountry "CZE"]
[BlackTeamCountry "CZE"]

1. d4 d6 2. c4 e5 3. Nf3 Nc6 4. d5 Nce7 5. Nc3 g6 6. e4 Bg7 7. Be2 f5 8. Ng5 Nf6 9. f3 a6 10. Be3 0-0 11. c5 h6 12. Ne6 Bxe6 13. dxe6 d5 14. exd5 Nfxd5 15. Nxd5 Qxd5 16. Qc1 f4 17. Bf2 e4 18. 0-0 e3 19. Be1 Qxe6 20. Bc3 Nd5 21. Bxg7 Kxg7 22. Qc4 c6 23. Rad1 Rad8 24. Rd4 Qe7 25. Rfd1 Rf5 26. Re4 Qh4 27. g3 Qg5 28. Kh1 fxg3 29. Rg4 Qf6 30. hxg3 Rg5 31. Rxg5 hxg5 32. Qd4 Re8 33. Kg2 Qe5 34. a3 Kf6 35. Kf1 Ke6 36. Qg4+ Qf5 37. Rd4 Kf7 38. Bd3 e2+ 39. Ke1 Qxg4 40. Rxg4 Re3 41. Bxe2 1/2-1/2

[Event "CZE-chT rap"]
[Site "Pardubice"]
[Date "2015.07.17"]
[Round "3.4"]
[White "Hrabusa, Matej"]
[Black "Wasserbauer, Radek"]
[Result "1-0"]
[WhiteElo "2308"]
[BlackElo "2084"]
[PlyCount "71"]
[EventDate "2015.07.16"]
[EventType "team-swiss"]
[EventRounds "7"]
[EventCountry "CZE"]
[SourceTitle "CBM 167 Extra"]
[Source "ChessBase"]
[SourceDate "2015.09.14"]
[SourceVersion "1"]
[SourceVersionDate "2015.09.14"]
[SourceQuality "1"]

1. d4 d6 2. e4 Nd7 3. Nc3 e5 4. Nf3 Be7 5. Bc4 c6 6. a4 Ngf6 7. 0-0 0-0 8. h3 Qc7 9. Re1 b6 10. d5 c5 11. a5 bxa5 12. Nb5 Qb8 13. Rxa5 a6 14. Nc3 Nb6 15. Bf1 Bd8 16. Ra2 Ne8 17. Ne2 f5 18. exf5 Bb7 19. Ng3 Bxd5 20. c4 Bf7 21. b3 h6 22. Nh2 a5 23. Ng4 h5 24. Ne3 Nf6 25. Bd3 Be8 26. Ne4 a4 27. bxa4 Rxa4 28. Rxa4 Nxa4 29. Ng5 Bd7 30. Ne6 Re8 31. Nd5 Bxe6 32. fxe6 Nb2 33. Nxf6+ Bxf6 34. Bxb2 Qxb2 35. Qxh5 Rxe6 36. Rb1 1-0

[Event "Rakovnik Regional-chT 1415"]
[Site "Rakovnik"]
[Date "2015.02.15"]
[Round "8.1"]
[White "Wasserbauer, Radek"]
[Black "Lochman, Vaclav"]
[Result "0-1"]
[WhiteElo "2092"]
[BlackElo "2006"]
[PlyCount "98"]
[EventDate "2014.10.19"]
[EventType "team-tourn"]
[EventRounds "11"]
[EventCountry "CZE"]
[SourceTitle "EXT 2016"]
[Source "ChessBase"]
[SourceDate "2015.10.08"]
[SourceVersion "1"]
[SourceVersionDate "2015.10.08"]
[SourceQuality "1"]
[WhiteTeam "Rakovnik"]
[BlackTeam "Dobrovice"]
[WhiteTeamCountry "CZE"]
[BlackTeamCountry "CZE"]

1. e4 c6 2. d4 d5 3. Nc3 dxe4 4. Nxe4 Bf5 5. Ng3 Bg6 6. Nf3 Nd7 7. h4 h6 8. h5 Bh7 9. Bc4 e6 10. c3 Ngf6 11. Qe2 Bd6 12. Ne5 Nd5 13. 0-0 Nxe5 14. dxe5 Bc5 15. Qg4 Rg8 16. Kh2 Qe7 17. Bxd5 cxd5 18. Qa4+ Qd7 19. Qxd7+ Kxd7 20. Be3 Rac8 21. Rad1 Ke7 22. Rd2 Rgd8 23. Kh3 b5 24. a3 Bxe3 25. fxe3 f6 26. exf6+ gxf6 27. Rfd1 Rc4 28. Rd4 Rg8 29. e4 Rxd4 30. Rxd4 dxe4 31. Nxe4 Bxe4 32. Rxe4 Rg5 33. g4 f5 34. gxf5 Rxh5+ 35. Kg4 Rxf5 36. c4 Kd6 37. cxb5 Rxb5 38. Ra4 a5 39. b4 axb4 40. axb4 Kc6 41. Kf4 Kd5 42. Ra5 Rxa5 43. bxa5 Kc6 44. Ke5 h5 45. Kf4 Kb5 46. Kg5 Kxa5 47. Kxh5 Kb5 48. Kg5 Kc5 49. Kf4 Kd4 0-1

[Event "CZE-chT2A 1415"]
[Site "Czech Republic"]
[Date "2015.02.08"]
[Round "7.5"]
[White "Simecek, Alexej"]
[Black "Wasserbauer, Radek"]
[Result "0-1"]
[WhiteElo "2111"]
[BlackElo "2092"]
[PlyCount "64"]
[EventDate "2014.11.02"]
[EventType "team-tourn"]
[EventRounds "11"]
[EventCountry "CZE"]
[SourceTitle "EXT 2022"]
[Source "ChessBase"]
[SourceDate "2021.10.06"]
[SourceVersion "1"]
[SourceVersionDate "2021.10.06"]
[SourceQuality "1"]
[WhiteTeam "Praha Dopravni podnik"]
[BlackTeam "Kladno"]
[WhiteTeamCountry "CZE"]
[BlackTeamCountry "CZE"]

1. Nf3 b5 2. c3 e6 3. a4 b4 4. d4 Nf6 5. g3 c5 6. Bg2 Bb7 7. 0-0 Be7 8. Nbd2 0-0 9. cxb4 cxb4 10. Nb3 a5 11. Bg5 d6 12. Nfd2 Bxg2 13. Kxg2 Nbd7 14. Nc4 d5 15. Ne3 Nb6 16. Qd3 Qd7 17. Rfc1 Nxa4 18. Bxf6 gxf6 19. Qd2 Qb5 20. Rc7 Bd8 21. Rc2 f5 22. f4 Be7 23. g4 Nb6 24. Kf3 Nc4 25. Qd3 fxg4+ 26. Nxg4 f5 27. Nf2 a4 28. Rg1+ Kf7 29. Nc5 Bxc5 30. dxc5 Qxc5 31. b3 axb3 32. Qxb3 Ra3 0-1

[Event "Rakovnik Regional-chT 1415"]
[Site "Rakovnik"]
[Date "2015.02.01"]
[Round "7.1"]
[White "Meduna, Eduard"]
[Black "Wasserbauer, Radek"]
[Result "1-0"]
[WhiteElo "2370"]
[BlackElo "2092"]
[PlyCount "69"]
[EventDate "2014.10.19"]
[EventType "team-tourn"]
[EventRounds "11"]
[EventCountry "CZE"]
[SourceTitle "EXT 2016"]
[Source "ChessBase"]
[SourceDate "2015.10.08"]
[SourceVersion "1"]
[SourceVersionDate "2015.10.08"]
[SourceQuality "1"]
[WhiteTeam "Lysa nad Labem IV"]
[BlackTeam "Rakovnik"]
[WhiteTeamCountry "CZE"]
[BlackTeamCountry "CZE"]

1. d4 b6 2. e4 Bb7 3. Bd3 e6 4. Nf3 Nf6 5. Qe2 Be7 6. c4 d6 7. Nc3 0-0 8. 0-0 c5 9. d5 e5 10. a3 Bc8 11. h3 Ne8 12. b4 g6 13. bxc5 bxc5 14. Bc2 f5 15. Ba4 Ng7 16. Bh6 Qa5 17. Rfc1 fxe4 18. Nd2 e3 19. Bxe3 Nf5 20. Bc6 Nxc6 21. dxc6 Be6 22. Nd5 Qd8 23. Rab1 Nxe3 24. fxe3 Rc8 25. Rb7 Rf7 26. Rf1 Bh4 27. Rfxf7 Bxf7 28. Nf3 Bxd5 29. cxd5 Bg3 30. Nd2 Qh4 31. Qg4 Bf2+ 32. Kh2 Qxg4 33. hxg4 Bxe3 34. Nc4 e4 35. Nxe3 1-0

[Event "Rakovnik Regional-chT 1415"]
[Site "Rakovnik"]
[Date "2014.12.07"]
[Round "4.1"]
[White "Bodicky, Michal"]
[Black "Wasserbauer, Radek"]
[Result "0-1"]
[WhiteElo "1970"]
[BlackElo "2092"]
[PlyCount "70"]
[EventDate "2014.10.19"]
[EventType "team-tourn"]
[EventRounds "11"]
[EventCountry "CZE"]
[SourceTitle "EXT 2016"]
[Source "ChessBase"]
[SourceDate "2015.10.08"]
[SourceVersion "1"]
[SourceVersionDate "2015.10.08"]
[SourceQuality "1"]
[WhiteTeam "Pribram Pyrit"]
[BlackTeam "Rakovnik"]
[WhiteTeamCountry "CZE"]
[BlackTeamCountry "CZE"]

1. Nf3 b5 2. d4 e6 3. e4 a6 4. Bd3 Bb7 5. 0-0 Nf6 6. Re1 Be7 7. Bg5 d6 8. Nbd2 h6 9. Bxf6 Bxf6 10. e5 Be7 11. Qe2 Nd7 12. Rad1 Nb6 13. Ne4 Bxe4 14. Qxe4 d5 15. Qg4 g5 16. Qh5 Na4 17. Rb1 c5 18. c3 c4 19. Bc2 Qa5 20. Re3 Rb8 21. h4 Kd7 22. Nh2 b4 23. Ng4 Rhf8 24. cxb4 Qxb4 25. Nf6+ Bxf6 26. exf6 Nxb2 27. hxg5 hxg5 28. Qxg5 Qd2 29. Ba4+ Nxa4 30. Rxb8 Rxb8 31. Qh5 Rf8 32. Qh6 Qb4 33. Qh7 c3 34. Qd3 Qc4 35. Qb1 c2 0-1

[Event "CZE-chT1W 1314"]
[Site "Czech Republic"]
[Date "2013.11.10"]
[Round "2.8"]
[White "Hlavacek, Tomas"]
[Black "Wasserbauer, Radek"]
[Result "1-0"]
[WhiteElo "2009"]
[BlackElo "2141"]
[PlyCount "141"]
[EventDate "2013.10.20"]
[EventType "team-tourn"]
[EventRounds "11"]
[EventCountry "CZE"]
[SourceTitle "EXT 2015"]
[Source "ChessBase"]
[SourceDate "2014.11.20"]
[SourceVersion "1"]
[SourceVersionDate "2014.11.20"]
[SourceQuality "1"]
[WhiteTeam "Karlovy Vary"]
[BlackTeam "Novoborsky II"]
[WhiteTeamCountry "CZE"]
[BlackTeamCountry "CZE"]

1. e4 e6 2. d4 d5 3. Nc3 Bb4 4. e5 c5 5. a3 cxd4 6. Qxd4 Nc6 7. Bb5 Ba5 8. Nge2 Nge7 9. Qg4 Bd7 10. Bxc6 bxc6 11. Bg5 c5 12. 0-0 h6 13. Bxe7 Qxe7 14. Qxg7 0-0-0 15. Qg4 Rdg8 16. Qf4 h5 17. h3 Rg5 18. Kh1 Rhg8 19. b4 Bc7 20. Rg1 Bxe5 21. Qd2 Bc7 22. bxc5 Qxc5 23. f4 R5g7 24. Rab1 Bc6 25. Nd4 Ba5 26. Rb3 Rg3 27. Nde2 Rxh3+ 28. gxh3 Rxg1+ 29. Nxg1 d4+ 30. Kh2 dxc3 31. Qe2 Bb6 32. Rb1 Qd5 33. Kg3 Qd4 34. Nf3 Qg7+ 35. Kh2 Kb7 36. Ne5 h4 37. Qg4 Qf6 38. Nxc6 Kxc6 39. Qf3+ Kd6 40. Rd1+ Ke7 41. Qb7+ Kf8 42. Qb8+ Ke7 43. Qe5 Qg6 44. Qg5+ Qxg5 45. fxg5 e5 46. Kg2 Ke6 47. Rf1 Bd8 48. g6 fxg6 49. Kf3 Be7 50. a4 Kd5 51. Rd1+ Kc4 52. Ke4 Kb4 53. Ra1 Bf6 54. Rg1 g5 55. Kf5 Be7 56. Ra1 a5 57. Kxe5 Bc5 58. Kd5 Be3 59. Rb1+ Kxa4 60. Kc4 Ka3 61. Kxc3 Ka2 62. Rb5 a4 63. Kd3 Bf4 64. c4 a3 65. Kc2 Ka1 66. Rd5 g4 67. hxg4 h3 68. Rd1+ Ka2 69. Rh1 h2 70. c5 Be5 71. c6 1-0

[Event "CZE-chT2A 1213"]
[Site "Czech Republic"]
[Date "2013.01.20"]
[Round "7.2"]
[White "Jenicek, Emil"]
[Black "Wasserbauer, Radek"]
[Result "1/2-1/2"]
[WhiteElo "2146"]
[BlackElo "2190"]
[PlyCount "52"]
[EventDate "2012.10.14"]
[EventType "team-tourn"]
[EventRounds "11"]
[EventCountry "CZE"]
[SourceTitle "EXT 2015"]
[Source "ChessBase"]
[SourceDate "2014.11.20"]
[SourceVersion "1"]
[SourceVersionDate "2014.11.20"]
[SourceQuality "1"]
[WhiteTeam "Litvinov Lom"]
[BlackTeam "Kladno"]
[WhiteTeamCountry "CZE"]
[BlackTeamCountry "CZE"]

1. Nf3 b5 2. e3 a6 3. b3 Bb7 4. Bb2 Nf6 5. c4 b4 6. d4 e6 7. Nbd2 c5 8. Bd3 d6 9. 0-0 Be7 10. Qc2 Nbd7 11. Rad1 Qc7 12. e4 cxd4 13. Bxd4 0-0 14. Rfe1 e5 15. Be3 Nc5 16. Bxc5 Qxc5 17. Nf1 g6 18. Ne3 Rac8 19. Rd2 Qc6 20. Qd1 Qb6 21. Nd5 Nxd5 22. cxd5 Qa7 23. Rc2 Rxc2 24. Qxc2 Rc8 25. Bc4 Kg7 26. Qd2 a5 1/2-1/2

[Event "CZE-chT2A 1213"]
[Site "Czech Republic"]
[Date "2013.01.06"]
[Round "6.2"]
[White "Wasserbauer, Radek"]
[Black "Neuman, Petr"]
[Result "0-1"]
[WhiteElo "2190"]
[BlackElo "2471"]
[PlyCount "90"]
[EventDate "2012.10.14"]
[EventType "team-tourn"]
[EventRounds "11"]
[EventCountry "CZE"]
[SourceTitle "EXT 2015"]
[Source "ChessBase"]
[SourceDate "2014.11.20"]
[SourceVersion "1"]
[SourceVersionDate "2014.11.20"]
[SourceQuality "1"]
[WhiteTeam "Kladno"]
[BlackTeam "Kozolupy"]
[WhiteTeamCountry "CZE"]
[BlackTeamCountry "CZE"]

1. e4 d6 2. d4 Nf6 3. Nc3 e5 4. Nf3 Nbd7 5. Bc4 Be7 6. 0-0 0-0 7. h3 c6 8. a4 b6 9. d5 cxd5 10. Nxd5 Bb7 11. Re1 Rc8 12. b3 Nxd5 13. Bxd5 Bxd5 14. exd5 f5 15. c4 Bf6 16. Ra2 Nc5 17. Be3 e4 18. Nd4 f4 19. Nc6 Rxc6 20. dxc6 fxe3 21. Rxe3 a5 22. Qd5+ Kh8 23. f4 Be7 24. Rf2 Qc7 25. g4 Rc8 26. g5 Qxc6 27. Qxc6 Rxc6 28. Kg2 h6 29. h4 Rc8 30. Kg3 Rf8 31. Kg4 g6 32. Rd2 h5+ 33. Kg3 Rf5 34. Rd5 Kg7 35. Re1 Kf7 36. Red1 Ke6 37. Rxf5 Kxf5 38. Rd5+ Ke6 39. Kf2 Bf8 40. Ke3 Bg7 41. Rd1 Bc3 42. Rd5 Nxb3 43. Rb5 Nd2 44. Ke2 Nxc4 45. Rb3 Bb4 0-1